Simple organic kitchen & garden:a complete guide to growing and cooking perfect natural produce, with over 150 step-by-step recipes
Uloženo v:
| Hlavní autor: | |
|---|---|
| Médium: | Kniha |
| Vydáno: |
Southwater
|
| Tagy: |
Přidat tag
Žádné tagy, Buďte první, kdo otaguje tento záznam!
|
| LEADER | 00850cam a22001937a 4500 | ||
|---|---|---|---|
| 001 | (Sirsi) i9781780191065 | ||
| 005 | 20190330171151.0 | ||
| 008 | 190219n xx ||||||||||||||||| |d | ||
| 020 | |a 9781780191065 | ||
| 040 | |a SMLIBRARY |b eng |c SMLIBRARY |e AACR2 | ||
| 100 | |a Spevack,Ysanne | ||
| 245 | 1 | |a Simple organic kitchen & garden:a complete guide to growing and cooking perfect natural produce, with over 150 step-by-step recipes | |
| 260 | |b Southwater | ||
| 901 | |a 641.5637 SPE |i TEMP001921 |m SMLIBRARY |l ADULT |t BOOK |p 76.44 |x ADULT |z ANFIC |u 22/11/2013 | ||
| 903 | |a SMLNEWITEM, SMLPOPULAR | ||
| 904 | |a 1 | ||
| 942 | |2 ddc |c BOOK | ||
| 952 | |0 0 |1 0 |2 ddc |4 0 |6 641_563700000000000_SPE |7 0 |8 ADULT | ANFIC |9 43762 |a SMLIBRARY |b SMLIBRARY |c ADULT |d 2013-11-22 |g 76.44 |l 0 |o 641.5637 SPE |p BK10023093G |r 2019-03-30 00:00:00 |t 1 |v 76.44 |w 2019-06-25 |y ADULTBOOK | ||
| 999 | |c 37724 |d 37724 | ||